Music: Nur Hits von GENESIS - Sudden Death - Statistiken

Allgemein
  • Dieses Quiz wurde 75 mal gespielt
    36 seit der letzten Aktualisierung
  • Das Durchschnittsergebnis liegt bei 5 aus 24
Answers on the Grid
Answers color-coded by a green-red scale on the quiz's grid according to % correct below.
Abacab
The Lamb Lies Down on Broadway
Mama
Dance on a Volcano
Supper's Ready
Invisible Touch
I Can't Dance
Me And Sarah Jane
Home by the Sea
Second Home by the sea
Follow You, Follow Me
The Musical Box
Land of Confusion
Carpet Crawlers
Firth of Fifth
That's All
Tonight, Tonight, Tonight
The Cinema Show
Third Home by the Sea
In The Air Tonight
In Too Deep
Misunderstanding
The Raven
I Don't Care Anymore
Dream On
Duchess
The Crime of the Century
Illegal Alien
Kayleigh
No Reply at All
Roberry Assault And Battery
No Son Of Mine
Sledgehammer
Games Without Frontiers
You Know My Name
Follow Me
Berlin
Solsbury Hill
Lucky Man
Don't Answer Me
Voyager
Oblivion
 
Antwortstatistiken
Antwort % Korrekt
Land of Confusion
58%
I Can't Dance
54%
Invisible Touch
42%
Mama
33%
That's All
29%
Tonight, Tonight, Tonight
29%
Abacab
25%
Firth of Fifth
25%
Follow You, Follow Me
25%
No Son Of Mine
25%
The Lamb Lies Down on Broadway
25%
Carpet Crawlers
21%
In Too Deep
21%
The Musical Box
21%
Home by the Sea
17%
Dance on a Volcano
13%
Duchess
13%
Me And Sarah Jane
13%
Misunderstanding
13%
Supper's Ready
13%
No Reply at All
8%
Second Home by the sea
8%
The Cinema Show
8%
Roberry Assault And Battery
4%
Keine übereinstimmenden Quizze gefunden
Verteilung der Resultate
Anzahl Personen mit jedem Resultat
Perzentil nach korrekt beantworteten Fragen
Ihre Resultats-Entwicklung
Sie haben dieses Quiz seit der letzten Aktualisierung nicht gespielt